[Event "Bayern-ch Seniors 20th"]
[Site "Bergen"]
[Date "2008.06.13"]
[Round "7.36"]
[White "Alefs, Heinz"]
[Black "Kokulinsky, Ralf"]
[Result "1-0"]
[WhiteElo "1648"]
[BlackElo "1497"]
[PlyCount "57"]
[EventDate "2008.06.07"]
[EventType "swiss"]
[EventRounds "9"]
[EventCountry "GER"]
[SourceTitle "EXT 2022"]
[Source "ChessBase"]
[SourceDate "2021.10.06"]
[SourceVersion "1"]
[SourceVersionDate "2021.10.06"]
[SourceQuality "1"]

1. d4 d5 2. Nf3 Nf6 3. e3 Nc6 4. c3 e6 5. Bd3 Bd6 6. Nbd2 0-0 7. 0-0 Re8 8. e4 dxe4 9. Nxe4 h6 10. Qe2 b6 11. Re1 Bb7 12. Nxf6+ Qxf6 13. Qe4 Rab8 14. d5 Ne7 15. Qh7+ Kf8 16. dxe6 Bxf3 17. exf7 Qxf7 18. gxf3 Qxf3 19. Qe4 Bxh2+ 20. Kxh2 Qxf2+ 21. Kh3 Nd5 22. Qxe8+ Rxe8 23. Rf1 Qxf1+ 24. Bxf1 Re1 25. Bc4 Ne3 26. Bd3 h5 27. Kg3 Ng4 28. b3 g5 29. Ba3+ 1-0